000 02326nam0a22004691 4500
001 RU\NLR\bibl\1472871
005 20260407130004.0
010 _a978-5-902882-53-4
_9100
021 _aRU
_b2009-100000
035 _a(nilc)RSL-KNO-004499837
035 _a(NLR Aleph) 001464555
090 _a1604711
_c1604711
100 _a20091210d2009 |||y0rusy50 ca
101 0 _arus
_achi
102 _aRU
105 _aa zzzz|||||
200 1 _aРоссия и Китай
_eсборник научных статей
_fБ-ка Рос. акад. наук
_g[сост.: Т.И. Виноградова
_gотв. ред.: В.П. Леонов]
210 _aСанкт-Петербург
_cБАН
_cАльфарет
_d2009
215 _a213 с., [8] л. ил., цв. ил., портр., факс.
_cил.
_d25
225 1 _aRara orientalia
300 _a60-летию образования КНР посвящается
320 _aБиблиогр. в конце ст. и в подстроч. примеч.
607 _aРоссия
_jСборники
_xВзаимоотношения
_yКитай
_92201386
_3RU\NLR\auth\661322825
607 _aКитай
_jСборники
_xВзаимоотношения
_yРоссия
_92201390
_3RU\NLR\auth\661322827
607 _aКитай
_jСборники
_xИстория
_xИсториография
_9944605
_3RU\NLR\auth\6631451
686 _aТ3(2)0-643(5Кит)я43
_2rubbk
686 _aТ3(5Кит)0-64(2)я43
_2rubbk
686 _aТ3(2)0-64(5Кит)я43
686 _aТ3(5Кит)0-64(2)я43
686 _aТ3(5Кит)г.я43
702 1 _4220
_8rus
_7ca
_aВиноградова
_bТ. И.
_cканд. ист. наук
_gТатьяна Игоревна
_3RU\NLR\auth\7742463
_925407
702 1 _4340
_7ca
_8rus
_aЛеонов
_bВ. П.
_cд-р пед. наук, библиотечный деятель
_f1942-
_gВалерий Павлович
_9123436
_3RU\NLR\AUTH\7713754
712 0 2 _4570
_aРоссийская академия наук
_bБиблиотека
_cСанкт-Петербург
_3RU\NLR\AUTH\889973239
_9442976
801 0 _aRU
_bRuMoRGB
_c20091210
_gRCR
801 1 _aRU
_bRuMoRGB
_c20091210
801 2 _aRU
_bNLR
_c20100212
_grcr
852 _aNLR
_bОЛСАА-кит.
_j3-3988/1
942 _cBOOK
980 _aNB
980 1 _aCHIN